| 000 | 00000nam##2200000za#4500 |
| 001 | 9.601691 |
| 003 | CaOODSP |
| 005 | 20210624210207 |
| 007 | cr ||||||||||| |
| 008 | 150406|2006||||xxc|||||o f|0| 0 fre|d |
| 040 | |aCaOODSP|bfre |
| 043 | |an-cn--- |
| 086 | 1 |aYC33-0/391-4-1F-PDF |
| 110 | 1 |aCanada. |bParlement. |bSénat. |bComité sénatorial permanent de la sécurité nationale et de la défense. |
| 245 | 10|aFace aux turbulences : |h[ressource électronique]|bde la nécessité d'actualiser l'aide extérieure et la force militaire du Canada, en réponse aux changements d'envergure qui surviennent / |cL'honorable Colin Kenny, président ; l'honorable Michael A. Meighen, vice-président. |
| 246 | 3 |aRapport intérimaire du Comité sénatorial permanent de la défense et de la sécurité |
| 250 | |a[1re éd.] |
| 260 | |aOttawa - Ontario : |bSénat. |cOctobre 2006. |
| 300 | |a325p.|bcartes en couleur, figures, graphiques, références, tableaux |
| 490 | 1 |aRapport du Comité sénatorial permanent de la sécurité nationale et de la défense|v39e législature, 1re session, [4e rapport] |
| 590 | |a11-12-Supp|b2011-07-29 |
| 775 | 08|tManaging turmoil : |w(CaOODSP)9.571048 |
| 830 | #0|aRapport du Comité sénatorial permanent de la sécurité nationale et de la défense ;|v39e législature, 1re session, [4e rapport]|w(CaOODSP)9.501649 |
| 856 | 40|ahttp://publications.gc.ca|qPDF|s2.25 Mo|uhttps://publications.gc.ca/collections/collection_2011/sen/yc33-0/YC33-0-391-4-1-fra.pdf|y39e législature, 1re session, [4e rapport] |